Statistics for NFL Team Values

Click here to take the quiz!

General Stats

  • This quiz has been taken 34 times
  • The average score is 11 of 32

Answer Stats

RankValueTeam% Correct
#1$4BDallas Cowboys
100%
#2$3.2BNew England Patriots
93%
#4$2.8BNew York Giants
72%
#3$2.85BWashington Redskins
62%
#6$2.6BNew York Jets
59%
#5$2.7BSan Francisco 49ers
55%
#8$2.45BChicago Bears
52%
#9$2.4BPhiladelphia Eagles
52%
#10$1.95BGreen Bay Packers
48%
#7$2.5BHouston Texans
45%
#13$1.9BPittsburgh Steelers
45%
#14$1.88BIndianapolis Colts
34%
#11$1.94BDenver Broncos
31%
#15$1.87BSeattle Seahawks
31%
#28$1.45BSt. Louis Rams
31%
#12$1.93BBaltimore Ravens
28%
#25$1.5BCleveland Browns
28%
#30$1.44BDetroit Lions
28%
#18$1.59BMinnesota Vikings
28%
#31$1.43BOakland Raiders
28%
#27$1.48BJacksonville Jaguars
21%
#16$1.85BMiami Dolphins
21%
#32$1.4BBuffalo Bills
17%
#29$1.45BCincinnati Bengals
17%
#23$1.52BNew Orleans Saints
17%
#26$1.49BTennessee Titans
17%
#20$1.54BArizona Cardinals
14%
#17$1.67BAtlanta Falcons
14%
#21$1.53BKansas City Chiefs
14%
#22$1.53BSan Diego Chargers
14%
#24$1.51BTampa Bay Buccaneers
14%
#19$1.56BCarolina Panthers
10%

Score Distribution

Percentile by Number Answered

Percent of People with Each Score

Your Score History

You have not taken this quiz